Iron Curtain Graphics : Eastern European Design Created Without Computers /

Saved in:
Bibliographic Details
Other Authors: Duschka, Carla (Editor), Isac, Ciprian (Editor)
Format: Book
Language:English
Published: Berlin : Gestalten, 2012
Edition:1. vydanie
Subjects:
Tags: Add Tag
No Tags, Be the first to tag this record!

MARC

LEADER 00000nam a22000003a 4500
001 0072017
003 SK-STU
005 20200120114723.9
007 ta
008 190228s ----xo-----e------000-0-----d
020 |a 978-3-89955-394-9 
040 |a STU  |b slo 
041 0 |a eng 
044 |a gw 
100 1 |a Duschka, Carla  |4 edt 
245 1 0 |a Iron Curtain Graphics :  |b Eastern European Design Created Without Computers /  |c ed. Carla Duschka ; ed. Ciprian Isac 
250 |a 1. vydanie 
260 |a Berlin :  |b Gestalten,  |c 2012 
300 |a 207 s. 
650 0 7 |a výtvarné umenie 
650 0 7 |a politika 
650 0 7 |a spoločnosť 
650 0 7 |a Stredná a východná Európa 
650 0 7 |a plagát 
650 0 7 |a grafický dizajn 
700 1 |a Isac, Ciprian  |4 edt 
996 |b 284AU07967  |c A* 11227/U  |l AAKNAR  |s A  |a 24  |w 0072017_0001